Riconosci il Pokémon - Quiz n°709 - Statistics

Statistiche generali
  • Questo quiz è stato fatto 0 volte
  • Il punteggio medio è 0 su 10
Statistiche sulle risposte
Indizio Riposta % Corretto
Altezza 1,4 m
0%
Tasso di cattura 45 (11.9%)
0%
Peso 50,0 kg
0%
Sesso 50% ♂, 50% ♀
0%
Tipo Buio / Drago
0%
Tasso di allevamento Lento
0%
Stadio evoluzione Prima evoluzione
0%
Generazione Quinta
0%
Abilità Tuttafretta
0%
Pokémon Zweilous
0%
Nessun quiz corrispondente trovato
Distribuzione punteggi
Percentuale di utenti per punteggio
Percentile per numero di risposta
I tuoi punteggi nel tempo
Non hai fatto questo quiz